000 00506nam a2200169Ia 4500
999 _c35237
_d35237
003 OSt
005 20201218125339.0
008 190216s9999||||xx |||||||||||||| ||und||
040 _coclc
082 _a610.03
_bPOC/M
100 _aPocket, Dorland
_97685
245 0 _aMedical Dictionary /
_cDorland Pocket
260 _bOxford And Ibh Publishing Co. Pvt Ltd,
_c1969.
_aKolkatha:
300 _a699p
650 _aMedical Dictionary
942 _cREF
_2ddc
_h610.03
_iPOC/M
_k610.03
_mPOC/M